01300nam a2200409 i 450000100060000000300090000600500170001500800410003201500180007302000150009102000180010604000280012404600090015208000130016108000120017410000340018624500690022026000480028930000330033733600270037033700520039733800270044938000160047638000270049238500390051938800100055850400340056864800100060265000200061265000110063265100110064365500300065465800340068471000340071885600980075285600400085052128KOSZ 00520191219130351.0060413s2006 pl a f |001 0 pol  aPB 2006/13175 a830114629X a9788301146290 cWA NaWA NdKOSZ 005/HR k2006 a332.6/.7 a(075.8)1 aKucharska-Stasiak, EwaeAutor10aNieruchomość w gospodarce rynkowej /cEwa Kucharska-Stasiak. aWarszawa :bWydawnictwo Naukowe PWN,c2006. a295, [1] s. :bil. ;c24 cm. 2rdacontentaTekstbtxt 2rdamediaaBez urządzenia pośredniczacegobn 2rdacarieraWoluminbnc aKsiążki aPublikacje dydaktyczne mPoziom nauczaniaaSzkoły wyższe a2001- aBibliogr. s. 286-292. Indeks. 7a2001- 7aNieruchomości 7aHandel 7aPolska 7aPodręczniki akademickie aGospodarka, ekonomia, finanse2 aWydawnictwo Naukowe PWN4pbl.41uhttp://koha.tu.koszalin.pl/cgi-bin/koha/opac-detail.pl?biblionumber=52128zKatalog online BPK41uhttp://libra.ibuk.pl/book/295zIBUK